000 01412nam a2200337 a 4500
999 _c139538
_d139538
003 BLK
005 20240604005356.0
008 180409b bul|||||r ||||||| ||bul||
010 _aKNG00145585000
040 _aBLK
041 _aBUL
_cBUL
080 _aБългарска литература
_b821.163.2
_x-93-34
_z821.163.2-93-34
100 _aЕлин Пелин
_qСтоянов, Димитър Иванов
_9363511
139 _aЕлин Пелин
_bЕ 53
245 1 0 _aЧичо Пейо
_bПриказки за нач. училищна възраст
_cЕлин Пелин; ил. Стоян Анастасов; Димитър Иванов Стоянов.
250 _a3. изд.
257 _aBGR
260 _bБълг. художник
_c1980
_aСофия
300 _a56 с.
_bс ил.
_c31 см
380 _aDX
500 _aИстинското име на авт. е Димитър Иванов Стоянов. - 1. изд. 1971 ; В кн. означено 2. изд. - 80 110 тир.
700 1 _aАнастасов, Стоян
_eил.
_9367335
700 1 _aСтоянов, Димитър Иванов
_e*
_9365019
852 _aЦб ІІ 18129
856 4 _qpdf
856 4 _qpdf
942 _cKNG
_n0
_01
_s1
944 _aCR
_c11.07.2013
_lCRON CRON
_k
944 _aED
_c21.09.2017
_l11.07.2013 - от С1,Р / 11.07.2013
_kСевдалина_Василева
999 _d139538